Cartoons Wearing Green Quiz Stats

 Plays Quiz Updated Aug 19, 2019

Score 0/20 Timer 04:00
4 Plays Today
Hint Answer % Correct
Tinker Bell
95.8%
Shaggy Rogers
95.7%
Luigi
94.8%
Marge Simpson
94.4%
Yogi Bear
93.6%
Robin Hood
93.1%
Green Lantern
87.1%
Lois Griffin
78.2%
Elroy Jetson
76%
Doug Funnie
75.8%
Hint Answer % Correct
Marvin the Martian
75%
Mulan
70.5%
Daria
65.7%
Joy
65.3%
Little Green Sprout
65.3%
Peggy Hill
53.8%
Buttercup
51.3%
Professor Farnsworth
33.9%
Louise Belcher
33.9%
The Great Gazoo
26.8%

You're not logged in!

Compare scores with friends on all Sporcle quizzes.
OR
Log In

Sporcle TV

Today on Sporcle TV


Watch our educational content, quiz creation guides, and fun videos on Sporcle TV.

Show Comments

Extras

Top Quizzes Today


Score Distribution

Your Account Isn't Verified!

In order to create a playlist on Sporcle, you need to verify the email address you used during registration. Go to your Sporcle Settings to finish the process.

Report this User

Report this user for behavior that violates our Community Guidelines.

Details: